Možnosť využitia koučingu vo vysokoškolskom vzdelávaní

Uložené v:
Podrobná bibliografia
Hlavný autor: Gajdoš, Jozef, 1962-2025
Ďalší autori: Prievozníková, Karin
Médium: Kapitola
Jazyk:Slovak
English
Tagy: Pridať tag
Žiadne tagy, Buďte prvý, kto otaguje tento záznam!

MARC

LEADER 00000nla a2200000 4500
001 0196739
005 20240502073320.8
041 0 |a slo 
041 0 |a eng 
044 |a SK 
245 1 0 |a Možnosť využitia koučingu vo vysokoškolskom vzdelávaní  |c Jozef Gajdoš, Karin Prievozníková 
100 1 |a Gajdoš, Jozef, 1962-2025 
700 1 |a Prievozníková, Karin